00972nam a22002537a 450000500170000000800410001702000180005804000410007604100080011724502010012525000230032626000430034930000170039250400410040965000330045065000320048365000160051565000310053165000150056265100140057770000510059170000460064270000300068820230918145719.0230918b ||||| |||| 00| 0 eng d a9788411692700 aCO-BoUCMcDavid MorenodDavid Moreno aspa10aResponsabilidad patrimonial del Estado: contractual y extracontractual: bEstudios contemporáneos /cLuisa Fernanda García López, Guillermo Sánchez Luque y Ramiro Saavedra Becerra ...[et]  aPrimera edición  aBogotá, COL bTirant lo Blanchc2023 a394 Paginas  aIncluye referencias bibliográficas17aResponsabilidad patrimonial 17aResponsabilidad del estado 17aTerrorismo 17aResponsabilidad ambiental 17aContratos 1 aColombia 1 aGarcía López, Luisa Fernanda ecoordinador1 aSánchez Luque, Guillermo ecoordinador1 aSaavedra Becerra, Ramiro